Sold geometry : with chapters on space-lattices, sphere-packs and crystals
Αποθηκεύτηκε σε:
| Κύριος συγγραφέας: | |
|---|---|
| Μορφή: | Βιβλίο |
| Γλώσσα: | English |
| Δημοσίευση: |
New York :
Dover Publications,
1965
|
| Θέματα: | |
| Ετικέτες: |
Προσθήκη ετικέτας
Δεν υπάρχουν, Καταχωρήστε ετικέτα πρώτοι!
|
MARC
| LEADER | 00000cam a2200000 i 4500 | ||
|---|---|---|---|
| 001 | 1/8922 | ||
| 008 | 100705s1965 eng d | ||
| 035 | |l 10108439 | ||
| 040 | |a GR-MY-UA |b gre |e aacr | ||
| 041 | 0 | |a eng | |
| 082 | 0 | |a 516.23 |2 (22) | |
| 100 | 1 | |a Lines, L. | |
| 245 | 1 | 0 | |a Sold geometry : |b with chapters on space-lattices, sphere-packs and crystals / |c by L. Lines |
| 260 | |a New York : |b Dover Publications, |c 1965 | ||
| 300 | |a xx, 292 σ.; |b εικ.; |c 20 εκ. | ||
| 504 | |a Περιέχει ευρετήριο | ||
| 650 | 0 | 0 | |a Geometry, solid. |
| 650 | 0 | 0 | |a Crystallography, Mathematical. |
| 852 | |a INST |b SAMOS |c MAG |e 20100705 |h 516.23 LIN |p 005300031548 |q 005300031548 |t BK |y 0 | ||
| 901 | |a BIBL3-2010-2 | ||
| 909 | |a Σ |b 162643 | ||
| 970 | |a ΣΙΤΖΙΜΗ |b ΓΙΑΣΕΜΗ |z 2010/07/05 | ||